| 000 | 00690nam a2200265 a 4500 | ||
|---|---|---|---|
| 001 | 000108310 | ||
| 003 | CHAP | ||
| 005 | 20220329144007.0 | ||
| 008 | 140127s2010 fluab |r| |||1|||eng d | ||
| 010 | _a104772 | ||
| 011 | _a105744 | ||
| 020 | _a9781420092318 | ||
| 040 | _cCHAP | ||
| 082 | 0 | 4 |
_a910.285 _bV21 2010 |
| 100 | 1 |
_aVan Sickle, Jan _9125254 |
|
| 245 | 1 | 0 |
_aBasic GIS coordinates / _cpor Jan Van Sickle. |
| 250 | _a2 ed. | ||
| 260 |
_aBoca Raton, FL. : _bCRC Press, _c2010. |
||
| 300 |
_axi, 188 p. : _bil., mapas. |
||
| 590 |
_aE5652GLJ _b05 _c20140127 _lUCH01 _h0943 |
||
| 650 | 1 | 4 |
_aCartografía _xTerminología. _919654 |
| 901 | _aBK | ||
| 942 | _cLIBRO | ||
| 942 | _n0 | ||
| 999 |
_c104772 _d104772 |
||